[Event "Ostersund op"]
[Site "Ostersund"]
[Date "2018.06.17"]
[Round "6"]
[White "Hagstrom, Jacob"]
[Black "Johansson, Henrik"]
[Result "1-0"]
[WhiteElo "1661"]
[BlackElo "1703"]
[PlyCount "73"]
[EventDate "2018.06.15"]
[EventType "swiss"]
[EventRounds "6"]
[EventCountry "SWE"]
[SourceTitle "CBM 184 Extra"]
[Source "ChessBase"]
[SourceDate "2018.06.28"]
[SourceVersion "1"]
[SourceVersionDate "2018.06.28"]
[SourceQuality "1"]

1. d4 g6 2. c4 Bg7 3. e4 c5 4. d5 d6 5. Ne2 Nf6 6. Nbc3 0-0 7. Bg5 Nbd7 8. Qd2 Nb6 9. Nc1 Ng4 10. Be2 Ne5 11. b3 f5 12. Bh6 fxe4 13. Bxg7 Kxg7 14. Nxe4 Bf5 15. Ng5 h6 16. Nf3 Nbd7 17. Nxe5 Nxe5 18. Nd3 Nxd3+ 19. Bxd3 Bxd3 20. Qxd3 Qa5+ 21. Ke2 Rf5 22. f3 Raf8 23. Kf2 Re5 24. a4 Rf4 25. Rad1 Ree4 26. g3 Rd4 27. Qe3 Rxd1 28. Rxd1 Rf7 29. Re1 a6 30. Qd3 g5 31. Re6 Kf8 32. Rxh6 b5 33. Rh8+ Kg7 34. Qh7+ Kf6 35. Qh6+ Ke5 36. Qe6+ Kd4 37. Qe3# 1-0